000 00980nam a2200229Ia 4500
003 OSt
005 20210419181745.0
008 210310s1967 eu gr 000 0 eng d
040 _aCO-JMCR
_cCO-JMCR
041 0 _aeng
082 0 4 _a336.220973 /
_bJ157t
_223
100 1 _aJantscher, Gerald R.,
_915122
_eautor
245 1 0 _aTrusts and Estate Taxation /
_cGerald R. Jantscher
260 _aWashington :
_bThe Brookings Institution,
_c1967
300 _bxv, 211 páginas ;
_c23 cm.
490 0 _aStudies of Government Finance
500 _aIncluye notas a pie de página.
505 0 _aThe Law of trustrs and powers af appointment -- The trust in estate tax planning -- A sample of 1957 and 1959 estate tax returnees -- Analyses of all bequests in trust -- Analyses of interspousal bequests in trust -- Taxation of trusts within an estate and gift tax system
650 1 4 _aFideicomisos
_915124
_zEstados Unidos
650 1 4 _aImpuestos
_zEstados Unidos
_96900
942 _2ddc
_cBK
999 _c7675
_d7675